Cajas de Chile: memoria 2010-11

Saved in:
Bibliografiske detaljer
Format: Bog
Sprog:spansk
Udgivet: Santiago Cajas de Chile 2011
Fag:
Tags: Tilføj Tag
Ingen Tags, Vær først til at tagge denne postø!

MARC

LEADER 00000cam a2200000 a 4500
001 UCF0999
003 CL-VaPUC
008 120614e20110000CL |||||||||||||||||spa|d
082 0 4 |a 344.03  |b CAJ  |2 21 
245 1 0 |a Cajas de Chile: memoria 2010-11 
300 |a 31 p 
942 |c BK 
945 |d 20120614 00:00:00  |a dcastane 
260 |a Santiago  |b Cajas de Chile  |c 2011 
650 7 |a CAJAS DE COMPENSACION  |2 CL-VaPUC  |9 387472 
650 7 |a ESTADOS FINANCIEROS  |2 CL-VaPUC  |9 562680 
583 |a last modification  |c 20130325 05:10:25  |k Rodrigo Vera 
999 |c 348022  |d 348020 
952 |0 0  |1 0  |4 0  |6 344_030000000000000_CAJ_2011  |7 0  |8 A  |9 449877  |a BIBGIM  |b BIBGIM  |d 2019-11-22  |i 4845773  |o 344.03 CAJ 2011  |p 4845773  |r 2025-01-15  |w 2019-11-22  |y BK  |k GIM